Animals in Ancient Greek - Statistics

General Stats
  • This quiz has been taken 28 times
  • The average score is 15 of 30
Answer Stats
Hint Answer % Correct
ἵππος horse
89%
λέων lion
89%
ἄρκτος bear
84%
ἐλέφας elephant
84%
γαλῆ cat
79%
γλαῦξ owl
74%
ἀράχνη spider
74%
ὄνος donkey
63%
ἀετός eagle
63%
μῦς mouse
63%
κόραξ crow / raven
58%
ἀλώπηξ fox
58%
νῆσσα duck
53%
λαγωός hare / rabbit
53%
περιστερά dove
47%
χήν goose
47%
βοῦς ox
47%
αἴξ goat
42%
πολύπους octopus
37%
ἀλέκτωρ cock
32%
ἱέραξ falcon
32%
κώνωψ mosquito
32%
σφήξ wasp
32%
ἔγχελυς eel
26%
πέρδιξ partridge
26%
χελιδών swallow
26%
ἐχῖνος urchin
21%
ταώς peacock
16%
τέττιξ cicala
5%
ἔποψ hoopoe
5%
No matching quizzes found
Score Distribution
Percent of People with Each Score
Percentile by Number Answered
Your Score History
You have not taken this quiz